Little Red Monkey / by Jonathan London ; illustrated by Frank Remkiewicz.
Although a jungle-born monkey enjoys dancing on the zebra's back in the circus, he discovers that nothing is better than prancing in the trees.
Record details
- ISBN: 0525456422
- Physical Description: 1 v. (unpaged) : color illustrations ; 27 cm.
- Edition: 1st edition
- Publisher: New York : Dutton Children's Books, 1997.
Search for related items by subject
| Subject: | Monkeys > Fiction. Circus > Fiction. Stories in rhyme. |
Available copies
- 1 of 1 copy available at scottsboropl.
Holds
- 0 current holds with 1 total copy.
Show Only Available Copies
| Location | Call Number / Copy Notes | Barcode | Shelving Location | Status | Due Date |
|---|---|---|---|---|---|
| scottsboropl | E Lon | 32269000665078 | Juvenile - Easy | Available | - |
| LDR | 01014cam a2200277 a 4500 | ||
|---|---|---|---|
| 001 | 125382 | ||
| 003 | CONS | ||
| 005 | 20140703073302.0 | ||
| 008 | 970512s1997 nyua a 000 1 eng | ||
| 010 | . | ‡a 97021366 /AC | |
| 020 | . | ‡a0525456422 | |
| 035 | . | ‡a(CPomAG)LMN491450 | |
| 050 | 0 | 0. | ‡aPZ8.3.L8433 ‡bLi 1997 |
| 082 | 0 | 0. | ‡a[E] ‡221 |
| 100 | 1 | . | ‡aLondon, Jonathan, ‡d1947- |
| 245 | 1 | 0. | ‡aLittle Red Monkey / ‡cby Jonathan London ; illustrated by Frank Remkiewicz. |
| 250 | . | ‡a1st edition | |
| 260 | . | ‡aNew York : ‡bDutton Children's Books, ‡c1997. | |
| 300 | . | ‡a1 v. (unpaged) : ‡bcolor illustrations ; ‡c27 cm. | |
| 520 | . | ‡aAlthough a jungle-born monkey enjoys dancing on the zebra's back in the circus, he discovers that nothing is better than prancing in the trees. | |
| 650 | 1. | ‡aMonkeys ‡vFiction. | |
| 650 | 1. | ‡aCircus ‡vFiction. | |
| 650 | 1. | ‡aStories in rhyme. | |
| 700 | 1 | . | ‡aRemkiewicz, Frank, |
| 959 | . | ‡i32269000665078 ‡lE Lon ‡aJuvenile - Easy ‡tEasy ‡g16.00 | |
| 852 | . | ‡p32269000665078 ‡jE Lon ‡gJuvenile - Easy ‡cEasy ‡y16.00 ‡bSBPL | |
| 901 | . | ‡a125382 ‡bUnknown ‡c125382 ‡tbiblio | |